LEADER 01087nam a2200277 u 4500 001 000000053736 003 CaOOAMICUS 005 20070226115608.0 008 001121s1968 it u000 u ita u 035 $a10861935 040 $aPUL(R)$bita 041 1 $aita$hlat 100 1 $aBacon, Francis,$d1561-1626.$0(OLS)http://pul/name/5096 240 10$aNovum organum$9(Bacon, Francis, 1561-1626).$lItaliano.$0(OLS)http://pul/title/72070 245 10$aNovum organum /$cFrancesco Bacone ; a cura di Enrico De Mas. 260 $aRoma :$bLaterza,$c1968. 300 $axxiii, 281 p. ;$c21 cm 490 1 $aUniversale Laterza ;$v84 700 1 $aDe Mas, Enrico.$0(OLS)http://pul/name/9889 830 0$aUniversale Laterza ;$v84.$0(OLS)http://pul/title/569 850 $aPUL 852 $aPUL$W1$xDP1 Fondo Giannini$y60$m1556 C 11$j70846$nBK-PRI$b $qFondi$B70846$CPULBib$Z2$F70846 $H $81 941 1 $a1 961 $aINV: F. Giannini 996 $6245$aNovum organum$9(OLS)http://pul/title/72071 996 $6260$aRoma :$bLaterza$9(OLS)http://pul/publisher/47864 LEADER 01118nam a2200265 u 4500 001 000000075592 003 CaOOAMICUS 005 20070226123122.0 008 031009s2002 enk u000 u eng u 020 $a0521000416 035 $a10972425 040 $aPUL$bita 245 04$aThe Cambridge Companion to Gadamer /$cedited by Robert J. Dostal. 260 $aCambridge :$bCambridge University Press,$c2002. 300 $aix, 317 p. ;$c23 cm 490 1 $aThe Cambridge companion 600 14$aGadamer, Hans Georg,$d1900-2002.$0(OLS)http://pul/subject/18921 700 1 $aDostal, Robert J.$0(OLS)http://pul/name/50255 830 4$aThe Cambridge companion.$0(OLS)http://pul/title/60427 850 $aPUL 852 $aPUL$W1$xSL Filosofia 2$y80$mPhil A8 30$j97238$nBK-PRI$b $qStampati altre collocazioni$B97238$CPULBib$Z2$F97238 $H92964 $81 941 1 $a10 996 $6020$a0521000416$9(OLS)http://pul/number/98706 996 $6245$aThe Cambridge Companion to Gadamer$9(OLS)http://pul/title/99219 996 $6260$aCambridge :$bCambridge University Press$9(OLS)http://pul/publisher/50125